| 000 | 00404nam a2200145Ia 4500 | ||
|---|---|---|---|
| 008 | 230917s9999||||xx |||||||||||||| ||und|| | ||
| 040 |
_e172554 _aMAIN |
||
| 041 | _aEnglish | ||
| 082 | _a891.43301731 SK64S | ||
| 100 | _aकाशीनाथ | ||
| 245 | 0 | _aसुबह का डर | |
| 260 |
_aइलाहाबाद _bरचना प्रकाशन _c1975 |
||
| 300 | _a158 p. | ||
| 942 | _cHN | ||
| 999 |
_c186772 _d186772 |
||